| 000 | 01321cam a2200325 a 4500 | ||
|---|---|---|---|
| 001 | 14092121 | ||
| 003 | OSt | ||
| 005 | 20140310181922.0 | ||
| 008 | 050830s2005 nyu 000 0 eng | ||
| 010 | _a 2005025228 | ||
| 020 | _a0826418430 (hardcover) | ||
| 020 | _a0826418171 (pbk.) | ||
| 040 |
_aDLC _cDLC _dDLC |
||
| 050 | 0 | 0 |
_aPE 1405.U6 _b. K43 2005 |
| 082 | 0 | 0 |
_aTR 808.0420 _b.K19 2005 |
| 100 | 1 |
_aKealey, Tom. _91786 |
|
| 245 | 1 | 4 |
_aThe creative writing MFA handbook : _ba guide for prospective graduate students / _cTom Kealey. |
| 260 |
_aNew York : _bContinuum, _cc2005. |
||
| 300 |
_ax, 214 p. ; _c21 cm. |
||
| 505 | 0 | _aThe basics -- What to look for in a creative writing program -- The programs -- The application process -- Decision time -- Your creative writing program. | |
| 521 | _aFaculty. | ||
| 541 | _j1 | ||
| 562 | _e1 | ||
| 650 | 0 |
_aCreative writing (Higher education) _zUnited States _vHandbooks, manuals, etc. _91787 |
|
| 650 | 0 |
_aGraduate students _zUnited States _vHandbooks, manuals, etc. _91788 |
|
| 856 | 4 | 1 |
_3Table of contents _uhttp://www.loc.gov/catdir/toc/ecip0518/2005025228.html |
| 906 |
_a7 _bcbc _corignew _d1 _eecip _f20 _gy-gencatlg |
||
| 942 |
_2lcc _cBK-TR _kTR |
||
| 999 |
_c7024 _d7024 |
||